000 00898aam a2200313 i 4500
001 768714001
003 CO-MdFUSB
005 20250513155352.0
007 ta
008 250513t1932 -us |||| |||| 00| 0 eng d
040 _cCO-MdFUSB
041 0 _aeng
082 0 4 _223
_a248
_bH185u
100 1 _aHallesby, O. (Ole) (1879-1961)
_eautor
245 1 0 _aUnder his wings
_c/ O. Hallesby ; traducido por Clarence J. Carlsen
250 _adécimo quinta edición
264 1 _bAugsburg Publishing House,
_aMinneapolis, MN., USA :
_c[1939]
264 4 _c©1939
300 _a177 páginas
336 _atexto
_btxt
_2rdacontent
337 _2rdamedia
_asin mediación
_bn
338 _2rdacarrier
_avolumen
_bnc
563 _aPasta dura
650 0 _aVida cristiana
_919
700 _aCarlsen, Clarence J.
_911469
_etraductor
942 _cBK
945 _aJTF-925
999 _c35563
_d35563